Ανακαλυπτώ τη Γλώσσα των Χεριών / Βασικός Κύκλος Μαθημάτων Ελληνικής Νοηματικής Γλώσσας για τη Διευκόλυνση της Επικοινωνίας με Κωφά Άτομα στο Εκπαιδευτικό και Εργασιακό Περιβάλλον (Record no. 2364)
[ view plain ]
| 000 -LEADER | |
|---|---|
| fixed length control field | 01847cam a22001694a 4500 |
| 005 - ΗΜΕΡΟΜΗΝΙΑ ΚΑΙ ΩΡΑ ΤΕΛΕΥΤΑΙΑΣ ΕΝΗΜΕΡΩΣΗΣ | |
| Πεδίο ελέγχου | 20250605164039.0 |
| 008 - FIXED-LENGTH DATA ELEMENTS--GENERAL INFORMATION | |
| Πεδίο ελέγχου σταθερού μήκους | 250528s ||||||||||||||||||||||||d |
| 035 ## - SYSTEM CONTROL NUMBER | |
| System control number | 16914 |
| 040 ## - ΠΗΓΗ ΚΑΤΑΛΟΓΟΓΡΑΦΗΣΗΣ | |
| Φορέας πρωτότυπης καταλογογράφησης | MC Athens Campus Library |
| Γλώσσα καταλογογράφησης | Ελληνικά, Μοντέρνα (1453-) |
| Modifying agency | MC Athens Campus Library |
| Κανόνες περιγραφικής καταλογογράφησης | AACR2 |
| 245 1# - ΤΙΤΛΟΣ ΚΑΙ ΔΗΛΩΣΗ ΥΠΕΥΘΥΝΟΤΗΤΑΣ | |
| Τίτλος | Ανακαλυπτώ τη Γλώσσα των Χεριών / Βασικός Κύκλος Μαθημάτων Ελληνικής Νοηματικής Γλώσσας για τη Διευκόλυνση της Επικοινωνίας με Κωφά Άτομα στο Εκπαιδευτικό και Εργασιακό Περιβάλλον |
| 260 ## - PUBLICATION, DISTRIBUTION, ETC. | |
| Name of publisher, distributor, etc. | Κεκ-Μιτ Αε, |
| Date of publication, distribution, etc. | 1997 |
| 520 ## - SUMMARY, ETC. | |
| Summary, etc. | Περιέχει CD-ROM. Αντί Προλόγου, Συντελεστές του Έργου, Εισαγωγή, Γενικά, Τι Είναι η Νοηματική Γλώσσα, Νοηματική ή Κινηματική, Νοηματική Γλώσσα και Κοινότητα των Κωφών,Νοηματική Γλώσσα και Εκπαίδευση των Κωφών, Νοηματική Γλώσσα και Επαγγελματική Αποκατάσταση των Κωφών, Απαιτήσεις Συστήματος, Ελάχιστες Προδιαγραφές, Προτεινόμενο Σύστημα, Οδηγίες Εγκατάστασης, Αντιμετώπιση Προβλημάτων μετά την Εγκατάσταση, Αν δεν Βλέπετε Ελληνικά, Αν δεν Βλέπετε Video, Δομή του Ηλεκτρονικού Βιβλίου, Οδηγίες Χρήσης, Επιλογή Θεματικής Ενότητας, Χρήση των Κουμπιών Ελέγχου, Ρυθμίσεις Περιβάλλοντος, Βιβλιογραφία, Εικόνες και Σχήματα. |
| 700 1# - ΠΡΟΣΘΕΤΗ ΑΝΑΓΡΑΦΗ--ΦΥΣΙΚΟ ΠΡΟΣΩΠΟ | |
| Personal name | Παπασπύρου Χ |
| 9 (RLIN) | 3008 |
| 942 ## - ADDED ENTRY ELEMENTS (KOHA) | |
| Koha item type | Books |
| Τύπος τεκμηρίου | Βιβλιοθήκη | Τρέχουσα τοποθεσία | Barcode | Αριθμός εισαγωγής | Ημερομηνία απόκτησης | Ταξιθετικό σύμβολο | Αριθμός αντιτύπου | Κατάσταση απόσυρσης | Κατάσταση χαμένου | Κατάσταση κατεστραμμένου | Μη δανεισμός | Σύνολο δανεισμών | Ημερομηνία τελευταίας εμφάνισης | Η τιμή ισχύει από |
|---|---|---|---|---|---|---|---|---|---|---|---|---|---|---|
| Books | MC Athens Campus Library | MC Athens Campus Library | 9780000023636 | 5571 | 05/06/2025 | 419 PAP | 1 | 05/06/2025 | 05/06/2025 |